00460nam a2200145Ia 4500008004100000020001500041050001400056100001800070245006600088260003600154300004800190440002400238650003300262999001900295150220s9999 xx 000 0 und d a938333038X b.J95 2006 aJunior Pages. aSmart kids on the street :bpre-school guide /cJunior Pages. aSelangor :bJunior Pages,c2006 a43 pages :bColored, Illustration ;c31 cm. aRoad Safety Series. aTraffic safety and children. c283079d283079